LIBRARY & INFORMATION CENTRE, KCAET, TAVANUR

ONLINE PUBLIC ACCESS CATALOGUE (OPAC)

Text book of field crop production / (Record no. 12128)

MARC details
000 -LEADER
fixed length control field 00556cam a2200181ua 4500
020 ## - INTERNATIONAL STANDARD BOOK NUMBER
ISBN 81-7164-011-7
041 ## - LANGUAGE CODE
Language code of text/sound track or separate title eng
082 ## - DEWEY DECIMAL CLASSIFICATION NUMBER
Classification number 633.081
Item number RAJ/TE
100 ## - MAIN ENTRY--AUTHOR NAME
Personal name Rajendra, Prasad .
245 00 - TITLE STATEMENT
Title Text book of field crop production /
260 ## - PUBLICATION, DISTRIBUTION, ETC. (IMPRINT)
Place of publication New Delhi :
Name of publisher Indian Council for Agricultural Research ,
Year of publication 2004.
300 ## - PHYSICAL DESCRIPTION
Number of Pages 821 ; .
650 ## - SUBJECT ADDED ENTRY--TOPICAL TERM
Topical Term Cereal crops; Grain legumes; Oilseed crops; fibre crops; Cash crops
942 ## - ADDED ENTRY ELEMENTS (KOHA)
Koha item type Books
Holdings
Withdrawn status Lost status Damaged status Home library Current library Date acquired Full call number Accession Number Koha item type
      KAUAET KAUAET 07/04/2012 633.081 20869 Books
free website counter